Aportación al estudio del trabajo en el sector agrario / (Record no. 111924)

MARC details
000 -LEADER
campo de control de longitud fija 00479nam a2200157 4500
001 - NÚMERO DE CONTROL
campo de control 111924
003 - IDENTIFICADOR DE NÚMERO DE CONTROL
campo de control ES-MaACL
007 - CAMPO FIJO DE DESCRIPCIÓN FÍSICA--INFORMACIÓN GENERAL
campo de control de longitud fija t|
008 - DATOS DE LONGITUD FIJA--INFORMACIÓN GENERAL
campo de control de longitud fija 061121s1981 sp r ||||1| spa d
100 1# - ENTRADA PRINCIPAL--NOMBRE DE PERSONA
Nombre de persona Navarro, Francisco.
9 (RLIN) 85066
245 10 - MENCIÓN DEL TÍTULO
Título Aportación al estudio del trabajo en el sector agrario /
Mención de responsabilidad, etc. Francisco Navarro.
260 ## - PUBLICACIÓN, DISTRIBUCIÓN, ETC.
Lugar de publicación, distribución, etc. Madrid :
Nombre del editor, distribuidor, etc. [s.n.],
Fecha de publicación, distribución, etc. 1981 (
Fabricante Gráf. PGB)
300 ## - DESCRIPCIÓN FÍSICA
Extensión 60 p. ;
Dimensiones 24 cm.
852 ## - LOCALIZACIÓN
Ubicación ES-MaACL
Número de control de estantería L-399
Sublocalización o colección R.101298
852 ## - LOCALIZACIÓN
Ubicación ES-MaACL
Número de control de estantería L-398
Sublocalización o colección R.101299
Holdings
Estatus retirado Estado de pérdida Estado de daño No para préstamo Biblioteca de origen Biblioteca actual Ubicación en estantería Fecha de adquisición Fuente de adquisición Total de préstamos Signatura topográfica completa Código de barras Visto por última vez Precio de reemplazo Tipo de ítem Koha
        Biblioteca del Ateneo de Madrid Biblioteca del Ateneo de Madrid Depósito 2 17/01/2008     L-398 1116752 23/02/2023 23/02/2023 Libro impreso
        Biblioteca del Ateneo de Madrid Biblioteca del Ateneo de Madrid Depósito 2 17/01/2008     L-399 1116751 23/02/2023 23/02/2023 Libro impreso